000 01040cam a22002774a 4500
001 11927548
005 20160811095244.0
008 000302s2001 mau b 001 0 eng
010 _a 00026669
020 _a0205275524 (alk. paper)
040 _aDLC
_cDLC
_dDLC
042 _apcc
043 _an-us---
050 0 0 _aLC1201
_b.H24 2001
082 0 _a371.9/046
_221
100 1 _aHalvorsen, Ann Tiedemann.
245 1 0 _aBuilding inclusive schools :
_btools and strategies for success /
_cAnn T. Halvorsen, Thomas Neary.
260 _aBoston :
_bAllyn and Bacon,
_cc2001.
300 _axii, 226 p. ;
_c29 cm.
504 _aIncludes bibliographical references (p. 212-220) and index.
650 0 _aInclusive education
_zUnited States.
700 1 _aNeary, Thomas.
906 _a7
_bcbc
_corignew
_d1
_eocip
_f20
_gy-gencatlg
942 _2lcc
_cBOOKS
_hLC 1201 .H24 2001
999 _c13446
_d13446